[Event "Ponte de Lima op"]
[Site "Ponte de Lima"]
[Date "2024.04.13"]
[Round "7"]
[White "Ng, Chun Hei"]
[Black "Spraggett, Kevin"]
[Result "0-1"]
[WhiteElo "1974"]
[BlackElo "2459"]
[PlyCount "80"]
[EventDate "2024.04.09"]
[EventType "swiss"]
[EventRounds "9"]
[EventCountry "POR"]
[SourceTitle "CB17_2024"]
[SourceDate "2024.04.24"]
[SourceVersion "1"]
[SourceVersionDate "2024.04.24"]
[SourceQuality "1"]

1. e4 g6 2. d4 d6 3. Nf3 Nf6 4. Bd3 Bg7 5. h3 0-0 6. 0-0 Nc6 7. c3 e5 8. Bc2 h6 9. Na3 Bd7 10. dxe5 Nxe5 11. Nxe5 dxe5 12. Qe2 Qe7 13. Nc4 Rfe8 14. a4 Nh5 15. Qf3 Kh7 16. b3 b6 17. Ba3 Qg5 18. Rad1 Be6 19. Ne3 Nf4 20. Kh2 Qf6 21. g3 Nh5 22. Qe2 c6 23. Ng4 Qg5 24. Bc1 Qe7 25. f4 exf4 26. gxf4 Bxg4 27. Qxg4 Nf6 28. Qh4 Nxe4 29. Qxe7 Rxe7 30. f5 Nxc3 31. Rd2 Re2+ 32. Rf2 Rae8 33. Bb2 Rxf2+ 34. Rxf2 Be5+ 35. Kh1 Kg7 36. f6+ Kf8 37. Bc1 Bxf6 38. Bxh6+ Bg7 39. Bd2 Ne4 40. Re2 Ng3+ 0-1

[Event "Calvia Amateur op 20th"]
[Site "Calvia"]
[Date "2023.10.08"]
[Round "2"]
[White "Massanet Massanet, Sebastian"]
[Black "Ng, Chun Hei"]
[Result "1-0"]
[WhiteElo "2187"]
[BlackElo "1902"]
[PlyCount "89"]
[EventDate "2023.10.07"]
[EventType "swiss"]
[EventRounds "9"]
[EventCountry "ESP"]
[SourceTitle "Mega2024 Update 01"]
[Source "Chessbase"]
[SourceDate "2023.11.12"]
[SourceVersion "1"]
[SourceVersionDate "2023.11.12"]
[SourceQuality "1"]

1. e4 c5 2. Nf3 d6 3. d4 cxd4 4. Nxd4 Nf6 5. Nc3 a6 6. h3 e5 7. Nde2 Qc7 8. g4 h6 9. Bg2 b5 10. 0-0 Bb7 11. Ng3 Nbd7 12. Re1 Rc8 13. a3 g6 14. Re2 Be7 15. Nd5 Bxd5 16. exd5 Nb6 17. f4 exf4 18. Bxf4 Kf8 19. Qd4 Qc5 20. Qxc5 Rxc5 21. Be3 Nbxd5 22. Bxc5 dxc5 23. Rd1 Nf4 24. Re5 Nxg2 25. Kxg2 Ng8 26. Ne4 Kg7 27. Rd7 Bf6 28. Rxc5 Ne7 29. Rcc7 Be5 30. Rxe7 Bxc7 31. Rxc7 Rd8 32. Ra7 Rc8 33. c3 Rc6 34. Kf3 g5 35. b4 Kg6 36. Nc5 Rf6+ 37. Ke2 Rf4 38. Rxa6+ f6 39. Nd3 Re4+ 40. Kf3 Re8 41. Rb6 Rc8 42. Nc5 Ra8 43. Ne4 Rxa3 44. Rxf6+ Kg7 45. Rb6 1-0

[Event "Hong Kong-ch prel"]
[Site "Hong Kong"]
[Date "2018.03.12"]
[Round "9"]
[White "Ng, Chun Hei"]
[Black "Chong, Chor Yuen"]
[Result "1/2-1/2"]
[WhiteElo "1817"]
[BlackElo "1975"]
[PlyCount "106"]
[EventDate "2018.01.08"]
[EventType "swiss"]
[EventRounds "11"]
[EventCountry "HKG"]
[SourceTitle "EXT 2019"]
[Source "ChessBase"]
[SourceDate "2018.10.10"]
[SourceVersion "1"]
[SourceVersionDate "2018.10.10"]
[SourceQuality "1"]

1. Nf3 d5 2. g3 Nf6 3. Bg2 c6 4. 0-0 Bf5 5. d3 e6 6. Nbd2 h6 7. b3 Be7 8. Bb2 0-0 9. Re1 Nbd7 10. e4 dxe4 11. dxe4 Bh7 12. Nd4 Qc7 13. c4 Rad8 14. Qe2 e5 15. Nf5 Bb4 16. Red1 Rfe8 17. Nf1 Bf8 18. N1e3 Nc5 19. Ng4 Nxg4 20. Qxg4 Bxf5 21. exf5 Nd3 22. Bc3 Bc5 23. Rd2 Qb6 24. Rf1 f6 25. Qe2 e4 26. b4 Bxb4 27. Bxb4 Nxb4 28. Rxd8 Qxd8 29. Bxe4 Re5 30. Rd1 Qe8 31. f3 Na6 32. Qb2 Nc5 33. Rd4 Nxe4 34. fxe4 Rxe4 35. Rxe4 Qxe4 36. Qxb7 Qxc4 37. Qxa7 Qc1+ 38. Kg2 Qc2+ 39. Qf2 Qe4+ 40. Qf3 Qa4 41. Qb3+ Qxb3 42. axb3 Kf7 43. Kf3 Ke7 44. Ke4 Kd6 45. b4 Kc7 46. Kd4 Kb6 47. Kc4 Kb7 48. b5 Kb6 49. bxc6 Kxc6 50. g4 Kd6 51. Kd4 Kc6 52. h3 Kd6 53. Ke4 Kc5 1/2-1/2

[Event "Hong Kong-ch prel"]
[Site "Hong Kong"]
[Date "2018.03.05"]
[Round "8"]
[White "Kan, Yui Him"]
[Black "Ng, Chun Hei"]
[Result "0-1"]
[WhiteElo "1257"]
[BlackElo "1817"]
[PlyCount "72"]
[EventDate "2018.01.08"]
[EventType "swiss"]
[EventRounds "11"]
[EventCountry "HKG"]
[SourceTitle "EXT 2019"]
[Source "ChessBase"]
[SourceDate "2018.10.10"]
[SourceVersion "1"]
[SourceVersionDate "2018.10.10"]
[SourceQuality "1"]

1. e4 g6 2. d4 Bg7 3. Nc3 d6 4. f4 Nf6 5. Nf3 0-0 6. Be2 c5 7. e5 dxe5 8. fxe5 Nd5 9. Nxd5 Qxd5 10. c4 Qe4 11. dxc5 Nd7 12. Qd3 Qxd3 13. Bxd3 Nxc5 14. Bc2 Bg4 15. 0-0 Bxf3 16. Rxf3 Bxe5 17. Rb1 Ne6 18. Bh6 Nd4 19. Re3 Bg7 20. Bxg7 Kxg7 21. Be4 Rab8 22. Rd1 Rfd8 23. Kf2 e6 24. Red3 e5 25. Bd5 f5 26. b4 b5 27. a3 Rbc8 28. Rc1 Rxd5 29. c5 Rdd8 30. Rcd1 Nc6 31. Rd7+ Rxd7 32. Rxd7+ Kf6 33. Rxh7 a5 34. Rb7 axb4 35. axb4 Nxb4 36. Rxb5 Nd3+ 0-1

[Event "Hong Kong-ch prel"]
[Site "Hong Kong"]
[Date "2018.02.26"]
[Round "7"]
[White "Ng, Chun Hei"]
[Black "Desrosiers, Cyrano"]
[Result "1-0"]
[WhiteElo "1817"]
[BlackElo "1243"]
[PlyCount "71"]
[EventDate "2018.01.08"]
[EventType "swiss"]
[EventRounds "11"]
[EventCountry "HKG"]
[SourceTitle "EXT 2019"]
[Source "ChessBase"]
[SourceDate "2018.10.10"]
[SourceVersion "1"]
[SourceVersionDate "2018.10.10"]
[SourceQuality "1"]

1. b3 e5 2. Bb2 Nc6 3. g3 Nf6 4. Bg2 d5 5. Nf3 Bd6 6. 0-0 e4 7. Nd4 Nxd4 8. Bxd4 Qe7 9. c4 Be5 10. Bxe5 Qxe5 11. Nc3 d4 12. Nd5 Nxd5 13. cxd5 Qxd5 14. Qc2 d3 15. exd3 Qxd3 16. Qxd3 exd3 17. Rfe1+ Be6 18. Bxb7 Rd8 19. Rac1 Rd7 20. Bc6 0-0 21. Bxd7 Bxd7 22. Rxc7 Bg4 23. Rxa7 Rc8 24. Rc7 Rd8 25. b4 Bf3 26. Rd7 Rc8 27. Rxd3 g6 28. Rxf3 Rc2 29. Re7 f5 30. Rc3 Rxc3 31. dxc3 Kh8 32. b5 Kg8 33. b6 Kf8 34. Rc7 Ke8 35. b7 Kd8 36. b8Q# 1-0